Jednoduché sčítanie tipy na úspešné učenie

Bibliographic Details
Main Author: Morgan, Nicol (Author)
Other Authors: Haslam, John (Illustrator), Holáková, Daniela, 1956- (Translator)
Format: Book
Language:Slovak
PhysicalDescription:32 s. fareb. ilustr. 30 cm
Published: Bratislava Egmont 2000
ISBN:8071347124
Series:Ja sa to naučím
Subjects:

MARC

LEADER 00000nam a2200000 a 4500
001 vtls001396140
003 SK-MaSNL
005 20260301011856.0
008 251113s2000 xo a r slo
015 |a SNBA2000/11-03968 
020 |a 8071347124 
035 |a SNK000350515 
035 |a urn:nbn:sk:snk-amti2g 
035 |a urn:nbn:sk:snk-am00c550 
035 |a 92910348-6B5C-437E-8C69-3568C0E0A3E3 
040 |a SNK  |b slo  |c SNK  |e AACR2 
041 0 |a slo 
044 |a xo  |c SK 
080 |a 373.21:372.47(076.5)  |2 1981 
080 |a 372.47(076.5)  |2 1981 
100 1 |a Morgan, Nicol  |4 aut  |9 295977 
245 1 |a Jednoduché sčítanie  |b tipy na úspešné učenie  |c napísala Nicola Morganová ; ilustroval John Haslam ; [z anglického originálu preložila Daniela Holáková] 
260 |a Bratislava  |b Egmont  |c 2000 
300 |a 32 s.  |b fareb. ilustr.  |c 30 cm 
490 1 |a Ja sa to naučím 
500 |a Ilustr. na tit. strane 
500 |a Údaj o prekl. prevzatý z tiráže 
650 0 7 |a predškolská výchova  |2 SNKPH  |9 3959 
655 7 |a príručky  |2 SNKPH  |9 74364 
655 7 |a pracovné zošity  |2 SNKPH  |9 70188 
700 1 |a Haslam, John  |4 ill  |9 295978 
700 1 |a Holáková, Daniela,  |d 1956-  |4 trl  |9 36989 
830 0 |a Ja sa to naučím  |9 295979 
919 |a 80-7134-712-4 
958 |a TL 
958 |a OP 
958 |a OND 
999 |c 552083  |d 554013 
952 |t P60, <03>, [BOOK], {603}  |a SNK  |b SNK  |y PREZ  |7 0  |p 17A0251390  |o snkSB 62304  |i snkKSP 9490/2000  |0 0  |1 0  |4 0  |d 2000-09-18  |f 1  |l 0  |r 2025-04-11 00:00:00  |w 2026-02-23 
952 |t P60, <04>, [BOOK], {604}  |a SNK  |b SNK  |y VYP  |7 0  |p 17A0251391  |o snkSB 62304 D1  |i snkKSP 9491/2000  |0 0  |1 0  |4 0  |d 2000-09-18  |l 0  |r 2005-01-02 00:00:00  |w 2026-02-23